书目信息 |
| 书名: | Studying religion | |
| 作者: | Gary E. Kessler. | |
| 分册号: | ||
| 分册名: | 出版地: | Boston : |
|
| 出版社: | McGraw-Hill | |
| 出版时间: | c2003. | |
| 页数: | xvi, 374, [35] p. ; | |
| 开本: | 24 cm. | |
| 丛书名: | ||
| 中图分类号: | ||
| 科图分类号: | ||
| 其他分类号: | B91 | |
| 主题词: | ||
| 电子资源: | http://www.loc.gov/catdir/description/mh024/2002026525.html http://www.loc.gov/catdir/toc/mh023/2002026525.html | |
| 000 | 00696cam 2200205 a 4500 | |
| 001 | E0733052481 | |
| 005 | 20070316091226.85 | |
| 020 | @a0767422279. | |
| 090 | @aB91 | |
| 099 | @dB91@ex2 | |
| 100 | 1 | @aKessler, Gary E. |
| 245 | 10 | @aStudying religion :@ban introduction through cases / @cGary E. Kessler. |
| 260 | @aBoston :@bMcGraw-Hill,@cc2003. | |
| 300 | @axvi, 374, [35] p. ;@c24 cm. | |
| 504 | @aIncludes bibliographical references (p. N1-N8) and index. | |
| 856 | 42 | @3Publisher description@uhttp://www.loc.gov/catdir/description/mh024/2002026525.html |
| 856 | 41 | @3Table of contents@uhttp://www.loc.gov/catdir/toc/mh023/2002026525.html |
| 920 | @a244010@z1 | |
| 920 | @a242250@z2 | |
| 998 | @aZSU | |
| Studying religion : : an introduction through cases / / Gary E. Kessler.-Boston : : McGraw-Hill, , c2003. |
| xvi, 374, [35] p. ; ; 24 cm. |
| Includes bibliographical references (p. N1-N8) and index. |
| ISBN 0767422279. |
| ● |
| 相关链接 |
|
|
|
|
正题名:Studying religion
索取号:B91/x2
 
预约/预借
| 序号 | 登录号 | 条形码 | 馆藏地/架位号 | 状态 | 备注 |
| 1 | 0002264 | 300022641 | 第二样本阅览室/ [索取号:B91/x2] | 在馆 | |
| 2 | 0002265 | 300022650 | 第四借阅区/ [索取号:B91/x2] | 在馆 | |
| 3 | 0002266 | 300022669 | 第四借阅区/ [索取号:B91/x2] | 在馆 |